• 首页
  • 本馆介绍
  • 公告通知
  • 最新文献
  • 馆藏检索
  • 电子资源
  • 读者导购
  • 参考咨询
  • 我的图书馆
  • 登录
  • 详细信息显示
  • 放入我的书架
  • 预约/预借图书
  • 作者相关作品
  • 分类相关作品
  • 丛书相关作品
  • 出版社相关作品

书目信息

  • 表格格式
  • 工作单格式
  • 卡片格式
题名:
广告摄影范例解析
    
 
作者: 胡黎明 著
分册:  
出版信息: 杭州   浙江摄影出版社  2001
页数: 125页
开本: 20cm
丛书名:
单 册:
中图分类: J412.9
科图分类:
主题词: 广告--摄影技术 , 广告 , 摄影技术
电子资源:
ISBN: 7-80536-833-3
000 00727nam0 2200265 45
001 (011001)c2001063730
005 20051031082334.95
009 (011001)c2001063730
010    @a7-80536-833-3@dCNY48.00
035    @a(011001)c2001063730
092    @aCN
100    @a20010804d2001 em y0chiy0110 ea
101 0  @achi
102    @aCN@b330000
105    @aa z 000yy
200 1  @a广告摄影范例解析@Aguang gao she ying fan li jie xi@f胡黎明著@Fhu li ming zhu
210    @a杭州@c浙江摄影出版社@d2001
215    @a125页@c彩照@d20cm
606 0  @a广告@x摄影技术
606 0  @a广告
606 0  @a摄影技术
690    @aJ412.9@v4
701  0 @a胡黎明@Ahu li ming@4著
801  0 @aCN@bTSSF@c20051031
905    @a10447@dJ412.9@e168
    
    广告摄影范例解析/胡黎明著.-杭州:浙江摄影出版社,2001
    125页:彩照;20cm
    
    
    ISBN 7-80536-833-3:CNY48.00
    
●
相关链接 在E读中查询图书 在五车中查询图书 在当当中查询图书 在豆瓣中查询图书


正题名:广告摄影范例解析     索取号:J412.9/168         预约/预借

序号 登录号 条形码 馆藏地/架位号 状态 备注
1 0337255   203372554   第一样本阅览室/ [索取号:J412.9/168] 在馆    
2 0337256   203372563   第一借阅区/ [索取号:J412.9/168] 在馆    
3 0337257   203372572   第一借阅区/ [索取号:J412.9/168] 在馆    
4 0337258   203372581   第一借阅区/ [索取号:J412.9/168] 在馆    
5 0337259   203372590   第一借阅区/ [索取号:J412.9/168] 在馆    
唐山师范学院图书馆 欢迎您!
大连网信软件有限公司© 版权所有